000 00472nam a2200169Ia 4500
008 230725s2008 xx 000 0 und d
041 _aeng
082 _a615.1901
_bHAM/HAM
100 _aHAMILTONS RICHARD., HAMILTON SHIELA
245 _aANALYTICAL CHEMISTRY BY OPEN LEARNING : THIN LAYER CHROMATOGRAPHY
260 _bJOHN WILEY & SONS
_c2008
300 _a129
365 _h20
500 _aTEXT BOOK
501 _aPQA
650 _aPHARMACEUTICAL QUALITY ASSURANCE
999 _c755077
_d755077